| Record ID | ia:freemaster00jens_0 |
| Source | Internet Archive |
| Download MARC XML | https://archive.org/download/freemaster00jens_0/freemaster00jens_0_marc.xml |
| Download MARC binary | https://www.archive.org/download/freemaster00jens_0/freemaster00jens_0_meta.mrc |
LEADER: 00847nam a22002773a 4500
001 2008578243
003 DLC
005 20081203144437.0
008 900223s1990 nyu 000 1 eng d
010 $a 2008578243
042 $alccopycat
035 $a(OCoLC)ocm21114063
040 $aCLE$cCLE$dOCL$dBGU$dBAKER$dBTCTA$dOCLCG$dDLC
020 $a0886774047 :$c$3.95
020 $a9780886774042
035 $a(OCoLC)21114063
050 00 $aCPB Box no. 2777 vol. 3
100 1 $aJensen, Kris,$d1953-
245 10 $aFreeMaster /$cKris Jensen.
260 $aNew York, NY :$bDAW Books,$cc1990.
300 $a285 p. ;$c18 cm.
440 0 $aDAW book collectors ;$vno. 807
490 0 $aDAW science fiction
650 0 $aLife on other planets$vFiction.
655 7 $aScience fiction.$2gsafd
710 2 $aCopyright Paperback Collection (Library of Congress)$5DLC